000
00238nam a2200097Ia 4500
008
190216s9999||||xx |||||||||||||| ||und||
100
_a
Sivasankara Pillay Pk
245
0
_a
Kunjan Nambiyarude Thullal Kathakal
260
_b
Null
942
_c
BK
999
_c
24695
_d
24695